On This Day: January 5th Quiz Stats

 Plays Quiz Updated Jan 5, 2018

Score 0/7 Timer 03:00
0 Plays Today
Question Answer Wrong Answers
Construction of the ______ begins in San Francisco.
1933
Golden Gate Bridge
95.5%
Fisherman's Wharf
1.8%
Ferry Building
0.5%
Pier 39
0.9%
The United States Embassy to ______ in Mogadishu is evacuated by helicopter airlift days after violence enveloped the city.
1991
Somalia
85.9%
Senegal
5.3%
Algeria
3.4%
Chad
3%
This former congressman from Tennessee, often called the 'King of the Wild Frontier,' arrives in Texas to aid the revolution there.
1836
Davy Crockett
80.9%
Daniel Boone
13.6%
Johnny Appleseed
1.9%
Jim Bowie
3.5%
This American actress, whose first major film role was as Kay Adams-Corleone in ‘The Godfather’, is born.
1946
Diane Keaton
74.5%
Meryl Streep
9.8%
Goldie Hawn
3.5%
Susan Sarandon
10.6%
This critically acclaimed play by Samuel Beckett, which focuses on the two main characters Vladimir and Estragon, is first performed.
1953
Waiting for Godot
69.3%
Death of a Salesman
14%
A Streetcar Named Desire
8.2%
The Cherry Orchard
6.2%
Nellie Tayloe Ross of Wyoming becomes the first female ______ in the United States.
1925
Governor
48.7%
Senator
41.7%
Secretary of State
3.3%
Attorney General
5.2%
United States President Harry S. Truman unveils his ______ Deal program.
1949
Fair
31.7%
New
44.5%
Square
19.7%
Great
2.3%

You're not logged in!

Compare scores with friends on all Sporcle quizzes.
OR
Log In

Sporcle TV

Today on Sporcle TV


Watch our educational content, quiz creation guides, and fun videos on Sporcle TV.

Show Comments

Extras

Top Quizzes Today


Score Distribution

Your Account Isn't Verified!

In order to create a playlist on Sporcle, you need to verify the email address you used during registration. Go to your Sporcle Settings to finish the process.

Report this User

Report this user for behavior that violates our Community Guidelines.

Details: